| 000 | 01314nam a2200301 i 4500 | ||
|---|---|---|---|
| 001 | 190579 | ||
| 003 | ES-MaACL | ||
| 005 | 20260310134444.0 | ||
| 008 | 220104s2016 sp a 001 0dspa | ||
| 020 | _a978-84-9749-649-0 | ||
| 080 | _a72-055.2(460.11)(047.53) | ||
| 245 | 0 | 0 |
_aArquitectas pioneras de Galicia : _bocho entrevistas / _cMaría Carreiro, Cándido López (editores). |
| 260 |
_aA Coruña : _bUniversidade da Coruña, Servizo de Publicacións, _c2016. |
||
| 300 |
_a293 p. : _bil. ; _c24 cm. |
||
| 490 | 1 |
_aMonografías ; _v159 |
|
| 500 | _aÍndice disponible en Dialnet. | ||
| 501 | _aCon archivos de audio de las entrevistas en códigos QR. | ||
| 596 | _aEn contracub.: GAUS, Grupo de Arquitectura e Urbanismo Sostible | ||
| 650 | 4 |
_aArquitectas- _zGalicia. _9173988 |
|
| 700 | 1 |
_aCarreiro, María. _9171158 |
|
| 700 | 1 |
_aLópez González, Cándido. _9173912 |
|
| 710 | 2 |
_aUniversidade da Coruña. _9173914 |
|
| 830 | 1 | 0 |
_aMonografías (Centro de Estudios Benaventanos "Ledo del Pozo") _v159 _9177262 |
| 852 | 4 |
_aES-MaACL _jA-14835 _9197757 _cDEPO1 _dOlim: N-7835 _hDonativo: Editorial |
|
| 856 | 4 |
_uhttps://dialnet.unirioja.es/servlet/libro?codigo=689803&utm_source=catalogo.bne.es&utm_medium=libro&utm_campaign=Dialnet_Widgets _yÍndice (Dialnet) |
|
| 942 | _2udc | ||
| 999 |
_c190579 _d190579 |
||